01391nam a22003137i 4500003000900000005001700009007000300026008003400029020001800063040003000081041000800111082001900119100004800138245006700186264003700253300002900290336002700319337003300346338002800379500006400407590002900471910000700500942001400507952013300521952013600654952013900790952013100929999001701060DO-SdBNP20260116095110.0ta210317b 2020 dr 00| 0 eng d a9798607143282 aDO-SdBNPbspacBNPHUerda aspa axxxbC352c2221 aCastillo, Pelegrín, 921834d1956-eautor10aLa Constitución bajo ataque.../cPelegrín Castillo Semán aSanto Domingo : bArgos, c2020. a48 páginas ; c22 cm.  ardacontentbtexto2txt ardamediabsin mediación2n ardacarrierbvolumen2nc aIncluye datos biográficos del autor en la contracubierta. aInventariado, 2021 /LP  aDG 2ddccLBS1 00102ddc51708MOaBNPHUbBNPHUcHDd2021-03-17eDepósito Legal l0oBNPHU PD C352cp2021-0920r2021-03-17w2021-03-17yLBS1 00102ddc51708MOaBNPHUbPDcHDd2021-03-17eDepósito Legal l0oBNPHU PD C352cp2021-0921r2021-03-17te. 2w2021-03-17yLBS1 00102ddc56708MOaBNPHUbBNPHUcHDd2021-03-17eDepósito Legal l0oBNPHU DS C352cp2021-0922r2021-03-17te. 3w2021-03-17yLBS1 00102ddc56708DSaBNPHUbBNPHUcCTd2026-01-16edonaciónl0oBNPHU DS C352cp2026-0084r2026-01-16te.4w2026-01-16yLBS1 c49593d49593